• 首页
  • 本馆介绍
  • 公告通知
  • 最新文献
  • 馆藏检索
  • 电子资源
  • 读者导购
  • 参考咨询
  • 我的图书馆
  • 登录
  • 详细信息显示
  • 放入我的书架
  • 预约/预借图书
  • 作者相关作品
  • 分类相关作品
  • 丛书相关作品
  • 出版社相关作品

书目信息

  • 表格格式
  • 工作单格式
  • 卡片格式
题名:
庚子风云
    
 
作者: 鲍昌 著
分册: 第二部  
出版信息: 天津   百花文艺出版社  1984.03
页数: 726页
开本: 19cm
丛书名:
单 册:
中图分类: I247.53 , I247.4
科图分类:
主题词: 历史小说--中国--现代 , 长篇小说--中国--现代 , 小说--中国
电子资源:
ISBN:
000 00738nam0 2200277 45
001 0180008189
005 20030101225116.8
010    @dCNY2.30
091    @a10151.704
100    @a19950120d1984 em y0chiy0121 ea
101 0  @achi
102    @aCN@b120000
105    @ay z 000ay
106    @ar
200 10 @a庚子风云@Ageng zi feng yun@h第二部@f鲍昌著
210    @a天津@c百花文艺出版社@d1984.03
215    @a726页@d19cm
606    @a历史小说@y中国@z现代
606    @a长篇小说@y中国@z现代
606 0  @a小说@x中国
690    @aI247.53@v3
690    @aI247.4
701  0 @a鲍昌@Abao chang@4著
801  0 @aCN@b上海图书馆@c20030101
801  2 @aCN@bNLC@c20030101
905    @f3@b145020-022@f1@b108555@f1@b108557@dI247.4@e102:2
    
    庚子风云.第二部/鲍昌著.-天津:百花文艺出版社,1984.03
    726页;19cm
    
    
    ISBN :CNY2.30
    
●
相关链接 在E读中查询图书 在五车中查询图书 在当当中查询图书 在豆瓣中查询图书


正题名:庚子风云     索取号:I247.4/102:2         预约/预借

序号 登录号 条形码 馆藏地/架位号 状态 备注
1 0108555   000175964   密集书库/ [索取号:I247.4/102:2] 在馆    
2 0108556   001814843   密集书库/ [索取号:I247.4/102:2] 在馆    
3 0108557   000176035   密集书库/ [索取号:I247.4/102:2] 在馆    
4 0108558   001815129   密集书库/ [索取号:I247.4/102:2] 在馆    
5 0108559   001815156   密集书库/ [索取号:I247.4/102:2] 在馆    
6 0145020   000175946   第二借阅区/ [索取号:I247.4/102:2] 在馆    
7 0145021   000175955   密集书库/ [索取号:I247.4/102:2] 在馆    
8 0145022   000175973   第一样本阅览室/ [索取号:I247.4/102:2] 在馆    
唐山师范学院图书馆 欢迎您!
大连网信软件有限公司© 版权所有